000 00821cam a2200277 a 4500
001 000007871
005 20200929154329.0
008 780223s1993 sp 000 f spa d
020 _a8423308901
035 _a(DLC) 77571457
040 _aDO-SdBNP
_cDLC
_dDLC
082 _a863.64
_bM379r, 1993
100 1 _aMartín Gaite, Carmen,
_d1925-2000
_910633
245 1 0 _aRitmo lento /
_cCarmen Martín Gaite ; prefacio de José Carlos Mainer.
250 _a2a ed.
260 _aBarcelona :
_bDestino,
_c1993.
300 _a387 p. ;
_c20 cm.
490 1 _aÁncora y delfín
_v462
650 4 _aNovela española
_91123
650 4 _aLiteratura española
_9632
700 1 _aMainer, José Carlos
_913715
830 0 _aÁncora y delfín ;
_v462
_94704
910 _aCatalogación derivada
910 _aWM
049 _aBNGR
999 _c7649
_d7649